000 00837mam a2200253 4500
001 1811456
003 ARRUPE
005 20141114112209.0
008 780120s1916 enk 000 0 eng d
035 _a(OCoLC)ocm03572465
040 _aIAR
_cIAR
_dNNC
100 1 _aTreitschke, Heinrich von,
_d1834-1896.
_912634
240 1 0 _aPolitik.
_lEnglish
245 1 0 _aPolitics /
_cby Heinrich von Treitschke ; Abriged, edited, and with an introduction by Hans Kohn.
260 _aNew York :
_bHarcourt, Brace and World, Inc,
_c1963.
300 _a2 v. ;
_c23 cm.
500 _aPrinted in Great Britain.
650 0 _aState, The.
_912635
650 0 _aPolitical science.
_912636
700 1 _aDugdale, Blanche E. C.
_q(Blanche Elizabeth Campbell)
_912637
700 1 _aBille, Torben de.
_912638
942 _2lcc
_cMONOGRAPH
999 _c121244
_d121244